|
|
|
|
| LEADER |
00000nam0a2200000 4500 |
| 001 |
204583 |
| 005 |
20231101225227.0 |
| 035 |
|
|
|a (RuTPU)RU\TPU\book\223020
|
| 090 |
|
|
|a 204583
|
| 100 |
|
|
|a 20111129d1973 m y0rusy50 ca
|
| 101 |
0 |
|
|a rus
|
| 102 |
|
|
|a UA
|
| 105 |
|
|
|a a j 001zy
|
| 200 |
1 |
|
|a Основы термобарогеохимии
|e конспект лекций
|h Ч. II: Методы термобарогеохимических исследований. Методы барометрии
|f А. В. Пизнюр
|g Львовский государственный университет
|
| 210 |
|
|
|a Львов
|c Изд-во Львовского ун-та
|d 1973
|
| 215 |
|
|
|a 84 с.
|c ил.
|
| 320 |
|
|
|a Библиогр.: с. 79-82.
|
| 610 |
1 |
|
|a геохимия
|
| 610 |
1 |
|
|a барометрия
|
| 610 |
1 |
|
|a давление
|
| 610 |
1 |
|
|a определение
|
| 610 |
1 |
|
|a минералы
|
| 610 |
1 |
|
|a включения
|
| 610 |
1 |
|
|a минералообразование
|
| 610 |
1 |
|
|a рудообразование
|
| 610 |
1 |
|
|a лекции
|
| 675 |
|
|
|a 553.3/4(075.8)
|v 3
|
| 700 |
|
1 |
|a Пизнюр
|b А. В.
|g Андрей Васильевич
|
| 712 |
0 |
2 |
|a Львовский государственный университет
|2 stltpush
|3 (RuTPU)RU\TPU\col\12540
|9 25444
|
| 801 |
|
1 |
|a RU
|b 63413507
|c 20111129
|
| 801 |
|
2 |
|a RU
|b 63413507
|c 20121213
|g RCR
|
| 942 |
|
|
|c BK
|